000
002280000a22000970004500
100
1
_a
San Martín, Martha
245
1
0
_a
El proceso
300
_a
Vol. 3, Núm 13 (1991), Páginas 11
773
0
_t
Impacto Presbiteriano
942
_c
ANA
999
_c
50961
_d
50961